000 01834nam0a2200349 4500
001 RU\NLR\BIBL_A\022601513
005 20260420052113.0
010 _a978-5-6053495-0-1
_91000
021 _aRU
_bКН-П-25-036888
_9КН-П-25-3621
035 _a(NLR Aleph) 022601513
090 _a13681700
_c13681700
100 _a20250814d2025 u y0rusy50 ca
101 1 _arus
_cdan
102 _aRU
105 _aа z 000аy
181 0 _ai
_baxxe
182 0 _an
200 1 _aСказки и истории
_e[для среднего школьного возраста]
_fГ. Х. Андерсен
_g[перевод с датского Анны Васильевны Ганзен]
_gиллюстрации У. Х. Робинсона и А. Рэкхема
203 _aТекст
_bвизуальный
_cнепосредственный
210 _aСанкт-Петербург
_cИно
_d2025
215 _a237, [2] с.
_cил.
_d24
327 0 _aСодерж.: Соловей; Цветы маленькой Иды; Домовой лавочника; Гадкий утёнок; Пастушка и трубочист; Снежная королева; Свинопас; Навозный жук; Суп из колбасной палочки; Волшебный холм [и др.]
686 0 _aШ9(4Д)62-4
700 1 _7ca
_8rus
_aАндерсен
_bХ. К.
_f1805-1875
_gХанс Кристиан
_9112181
_3RU\NLR\AUTH\772165
702 1 _4440
_7ca
_8rus
_aРобинсон
_bУ. Х.
_cхудожник
_f1872-1944
_gУильям Хит
_989857
_3RU\NLR\AUTH\77106932
702 1 _4440
_7ca
_8rus
_aРэкхем
_bА.
_f1867-1939
_gАртур
_985633
_3RU\NLR\AUTH\77102707
942 _cBOOK
980 _aNB